Most Spoken Languages by Letter - Statistics

General Stats
  • This quiz has been taken 105 times
  • The average score is 17 of 26
Answer Stats
Hint Answer % Correct
A Arabic
94%
E English
93%
F French
92%
R Russian
92%
M Mandarin
87%
P Portuguese
87%
S Spanish
87%
G German
86%
J Japanese
85%
H Hindi
78%
B Bengali
77%
I Italian
76%
K Korean
76%
D Dutch
75%
V Vietnamese
71%
Y Yue
70%
U Urdu
64%
L Lao
54%
W Wu
53%
Q Quechua
45%
T Telugu
37%
N Nepali
32%
O Odia
21%
X Xiang
16%
C Cebuano
13%
Z Zhuang
6%
No matching quizzes found
Score Distribution
Percent of People with Each Score
Percentile by Number Answered
Your Score History
You have not taken this quiz